Statistics for Country Shapes Without Iconic Features #2

Click here to take the quiz!

General Stats

  • This quiz has been taken 21 times
  • The average score is 12 of 16

Answer Stats

Answer% Correct
Japan
100%
Iceland
95%
Norway
95%
Australia
85%
New Zealand
85%
Algeria
80%
Malaysia
80%
North Korea
80%
Mali
75%
Malta
75%
Brunei
60%
Slovenia
60%
Mauritania
55%
Denmark
50%
Latvia
45%
Croatia
40%

Score Distribution

Percentile by Number Answered

Percent of People with Each Score

Your Score History

You have not taken this quiz